| 000 | 00000nam 22000008i 4500 |
| 001 | 9.930761 |
| 003 | CaOODSP |
| 005 | 20250403110733 |
| 006 | m o d f |
| 007 | cr mn||||||||| |
| 008 | 231123t20242024onca obs f000 0 fre d |
| 020 | |a9780660689913 |
| 040 | |aCaOODSP|bfre|erda|cCaOODSP |
| 043 | |an-cn--- |
| 086 | 1 |aCS11-627/2023-67F-PDF |
| 245 | 00|aÀ la découverte de la vitamine D : |bdes sources pour chaque saison. |
| 264 | 1|a[Ottawa] : |bStatistique Canada = Statistics Canada, |c[2024] |
| 264 | 4|c©2024 |
| 300 | |a1 ressource en ligne (1 page) : |billustrations en couleur |
| 336 | |atexte|btxt|2rdacontent/fre |
| 337 | |ainformatique|bc|2rdamedia/fre |
| 338 | |aressource en ligne|bcr|2rdacarrier/fre |
| 500 | |aPublié aussi en anglais sous le titre : The scoop on vitamin D: sources for every season. |
| 500 | |a« Numéro au catalogue : 11-627-M. » |
| 504 | |aComprend des références bibliographiques. |
| 520 | |a« Cette infographie détaille la prévalence de l'insuffisance en vitamine D parmi la population canadienne âgée de 3 à 79 ans, en mettant l'accent sur les facteurs de risque ainsi que sur les comportements qui peuvent réduire la probabilité d'une insuffisance en vitamine D » -- Fourni par l'éditeur. |
| 650 | 6|aVitamine D|xAspect sanitaire|zCanada|vStatistiques. |
| 655 | 7|aStatistiques|2rvmgf |
| 710 | 2 |aStatistique Canada, |eorganisme de publication. |
| 775 | 08|tThe scoop on vitamin D : |w(CaOODSP)9.930759 |
| 856 | 40|qPDF|s470 Ko|uhttps://publications.gc.ca/collections/collection_2024/statcan/11-627-m/11-627-m2023067-fra.pdf |
| 856 | 4 |qHTML|sS.O.|uhttps://www150.statcan.gc.ca/n1/pub/11-627-m/11-627-m2023067-fra.htm |
| 986 | |a11-627-M |